000 00642nam a22002297a 4500
003 UA-OsUOA
001 34803
007 ta
008 20051021b un ||||| |||| 00| 0 ukr d
090 _a94(100)
_bА57
942 _cBK
040 _aUA-OsUOA
_brus
_cUA-OsUOA
_dUA-OsUOA
245 _aАльманах исторических сенсаций
_cост.: Гаркин В., Осипов Д.
300 _a240 с.
955 _a2
041 _arus
080 _a94(100)
020 _a5-85735-006-2
260 _aМ.
_bРаритет
_c1993
650 7 _a9 Географія. Біографії. Історія
_2UDC
999 _c321189
_d321189